000
00252nam a2200109Ia 4500
005
20251222120159.0
008
251222s1900||||xx |||||||||||||| ||spa||
082
_a
DVD0098/D94/2000
245
0
_a
Los miserables
264
_b
TriStar Pictures
942
_c
DVD
999
_c
2362
_d
2362